[Event "La Pobla de Lillet op"]
[Site "La Pobla de Lillet ESP"]
[Date "2013.08.03"]
[Round "2.20"]
[White "Capelles Prat, R.."]
[Black "Travesset Barba, J.."]
[Result "1/2-1/2"]
[WhiteElo "1902"]
[BlackElo "2074"]
[PlyCount "99"]
[EventDate "2013.08.02"]
[EventType "swiss"]
[EventRounds "9"]
[EventCountry "ESP"]
[SourceTitle "Ajedrez en Madrid"]
[Source "lmi"]
[SourceDate "2020.06.24"]
[SourceVersion "1"]
[SourceVersionDate "2020.06.25"]
[SourceQuality "1"]

1. d4 Nf6 2. c4 d6 3. Nc3 e5 4. dxe5 dxe5 5. Bg5 Qxd1+ 6. Rxd1 Bb4 7. Bd2 c6 8.
Nf3 Nbd7 9. a3 Be7 10. b4 O-O 11. e4 Re8 12. Be2 a5 13. c5 axb4 14. axb4 Bf8
15. O-O b5 16. Ra1 Bb7 17. Rfd1 h6 18. Nh4 g6 19. g4 Bg7 20. Ng2 Nf8 21. f3 Ne6
22. Be3 Red8 23. Ne1 Nf4 24. Bxf4 exf4 25. Rxd8+ Rxd8 26. Rd1 Rxd1 27. Nxd1 Nd7
28. Nd3 g5 29. h4 Ne5 30. Nxe5 Bxe5 31. hxg5 hxg5 32. Bd3 Bc8 33. Bc2 Be6 34.
Kf2 Bc4 35. Ke1 Bd4 36. Bb1 f6 37. Bc2 Kf7 38. Kd2 Ke6 39. Bd3 Bb3 40. Bc2 Ba2
41. Bd3 Ke5 42. Bc2 Bc4 43. Bd3 Bb3 44. Bc2 Bf7 45. Bd3 Ba1 46. Nc3 Bb3 47. Ne2
Bd4 48. Bc2 Be3+ 49. Kc3 Bc4 50. Bd3 1/2-1/2

[Event "La Pobla de Lillet op"]
[Site "La Pobla de Lillet ESP"]
[Date "2013.08.04"]
[Round "3.1"]
[White "Kovacevic, S.."]
[Black "Vinardell Cruañas, S.."]
[Result "1-0"]
[WhiteElo "2337"]
[BlackElo "2165"]
[PlyCount "73"]
[EventDate "2013.08.02"]
[EventType "swiss"]
[EventRounds "9"]
[EventCountry "ESP"]
[SourceTitle "Ajedrez en Madrid"]
[Source "lmi"]
[SourceDate "2020.06.24"]
[SourceVersion "1"]
[SourceVersionDate "2020.06.25"]
[SourceQuality "1"]

1. d4 d5 2. Bf4 Nf6 3. e3 e6 4. Nd2 Bd6 5. Bg3 b6 6. c3 Bb7 7. Bd3 O-O 8. Ngf3
Ne4 9. Qc2 f5 10. a4 a5 11. Ne5 Nd7 12. Nxd7 Qxd7 13. Nf3 Ba6 14. Bxd6 Qxd6 15.
Bxa6 Rxa6 16. O-O Raa8 17. Ne5 Nf6 18. Rfd1 Nd7 19. Nd3 c5 20. Rd2 c4 21. Nf4
Rfc8 22. h4 Rab8 23. Ra2 b5 24. axb5 Rxb5 25. Qd1 Nf6 26. f3 Ra8 27. Qe2 Qc6
28. Qf2 a4 29. Rc2 Rb3 30. Rc1 Rab8 31. Rca1 a3 32. Rxa3 Rxb2 33. Qg3 Rb1+ 34.
Kh2 Rxa1 35. Rxa1 Kf7 36. Nxe6 Ra8 37. Ra7+ 1-0

[Event "La Pobla de Lillet op"]
[Site "La Pobla de Lillet ESP"]
[Date "2013.08.04"]
[Round "3.2"]
[White "Triadu Cassa, J.."]
[Black "Mestre Bellido, H.."]
[Result "1/2-1/2"]
[WhiteElo "2167"]
[BlackElo "2312"]
[PlyCount "85"]
[EventDate "2013.08.02"]
[EventType "swiss"]
[EventRounds "9"]
[EventCountry "ESP"]
[SourceTitle "Ajedrez en Madrid"]
[Source "lmi"]
[SourceDate "2020.06.24"]
[SourceVersion "1"]
[SourceVersionDate "2020.06.25"]
[SourceQuality "1"]

1. e4 e5 2. Nf3 d6 3. d4 Nd7 4. Bc4 c6 5. O-O Be7 6. dxe5 dxe5 7. Ng5 Bxg5 8.
Qh5 Qe7 9. Qxg5 Ngf6 10. Qh4 Nc5 11. Nd2 Be6 12. Re1 Rd8 13. Bxe6 Qxe6 14. f3
O-O 15. Qf2 b6 16. b3 Nb7 17. Nc4 Ne8 18. Ba3 Ned6 19. Rad1 Rfe8 20. Ne3 Rd7
21. c4 Red8 22. Qe2 f6 23. Rd3 Ne8 24. Red1 Nc7 25. R1d2 Qe8 26. Qd1 Rxd3 27.
Rxd3 Rxd3 28. Qxd3 Ne6 29. Nf5 Nd4 30. Kf2 c5 31. Bb2 Nd8 32. Ne3 Qh5 33. h3
N8e6 34. Bxd4 cxd4 35. Nd5 Qg5 36. Qd1 Nf4 37. Nxf4 Qxf4 38. Qe1 f5 39. exf5
Qxf5 40. Qe4 Qxe4 41. fxe4 Kf7 42. a3 Ke6 43. b4 1/2-1/2

[Event "La Pobla de Lillet op"]
[Site "La Pobla de Lillet ESP"]
[Date "2013.08.04"]
[Round "3.3"]
[White "Gomez Jurado, LA.."]
[Black "Ruiz Bellon, M.."]
[Result "1-0"]
[WhiteElo "2297"]
[BlackElo "1953"]
[PlyCount "73"]
[EventDate "2013.08.02"]
[EventType "swiss"]
[EventRounds "9"]
[EventCountry "ESP"]
[SourceTitle "Ajedrez en Madrid"]
[Source "lmi"]
[SourceDate "2020.06.24"]
[SourceVersion "1"]
[SourceVersionDate "2020.06.25"]
[SourceQuality "1"]

1. c4 g6 2. g3 Bg7 3. Bg2 d6 4. Nc3 e5 5. e4 Nc6 6. Nge2 Nge7 7. d3 O-O 8. h4
h5 9. Be3 a6 10. Qd2 Nd4 11. f3 b5 12. cxb5 axb5 13. Bxd4 exd4 14. Nxb5 c5 15.
O-O Qb6 16. Na3 Ba6 17. Nc4 Bxc4 18. dxc4 Nc6 19. f4 Rfb8 20. e5 dxe5 21. fxe5
Bxe5 22. Qg5 Bg7 23. Rxf7 Ra7 24. Rxa7 Nxa7 25. Nf4 Re8 26. Bd5+ Kh7 27. Bf7
Re5 28. Bxg6+ Kg8 29. Bf5 Qf6 30. Be6+ Rxe6 31. Qd5 Bh6 32. Qxe6+ Qxe6 33. Nxe6
Be3+ 34. Kg2 Nc6 35. Nxc5 Ne5 36. b3 d3 37. Ne4 1-0

[Event "La Pobla de Lillet op"]
[Site "La Pobla de Lillet ESP"]
[Date "2013.08.04"]
[Round "3.4"]
[White "Tarrago Antoni, M.."]
[Black "Prats Cabaces, L.."]
[Result "1-0"]
[WhiteElo "2251"]
[BlackElo "1937"]
[PlyCount "63"]
[EventDate "2013.08.02"]
[EventType "swiss"]
[EventRounds "9"]
[EventCountry "ESP"]
[SourceTitle "Ajedrez en Madrid"]
[Source "lmi"]
[SourceDate "2020.06.24"]
[SourceVersion "1"]
[SourceVersionDate "2020.06.25"]
[SourceQuality "1"]

1. Nf3 Nf6 2. c4 g6 3. b4 Bg7 4. Bb2 b6 5. g3 Bb7 6. Bg2 c5 7. bxc5 bxc5 8. Nc3
d6 9. O-O O-O 10. Rb1 Nbd7 11. Ba1 Bc6 12. d3 Rb8 13. Nd2 Bxg2 14. Kxg2 Rxb1
15. Qxb1 Qa8+ 16. Kg1 Rb8 17. Qc2 Qc6 18. Rb1 Nb6 19. Rb5 h6 20. Qb2 Kh7 21.
Qa3 Rb7 22. Nb3 Nxc4 23. dxc4 Rxb5 24. Nxb5 Qe4 25. Bxf6 Bxf6 26. Nd2 Qxe2 27.
Nf1 Qxc4 28. Nxa7 Bd4 29. Nc6 Bf6 30. Qb3 d5 31. Qxc4 dxc4 32. Ne3 1-0

[Event "La Pobla de Lillet op"]
[Site "La Pobla de Lillet ESP"]
[Date "2013.08.04"]
[Round "3.5"]
[White "Herreros Fernandez, M.."]
[Black "Nadal Fajardo, R.."]
[Result "1-0"]
[WhiteElo "2242"]
[BlackElo "1889"]
[PlyCount "83"]
[EventDate "2013.08.02"]
[EventType "swiss"]
[EventRounds "9"]
[EventCountry "ESP"]
[SourceTitle "Ajedrez en Madrid"]
[Source "lmi"]
[SourceDate "2020.06.24"]
[SourceVersion "1"]
[SourceVersionDate "2020.06.25"]
[SourceQuality "1"]

1. d4 Nf6 2. Nf3 e6 3. Bg5 d5 4. Nbd2 Be7 5. e3 O-O 6. Bd3 Nbd7 7. O-O h6 8.
Bh4 c5 9. c3 b6 10. Qe2 Bb7 11. Rad1 Ne4 12. Bg3 f5 13. Be5 Bf6 14. h3 Bxe5 15.
Nxe5 Nxe5 16. dxe5 Qc7 17. Nf3 c4 18. Bc2 Rad8 19. Rd4 g5 20. Rfd1 b5 21. Nd2
Nxd2 22. R1xd2 Qxe5 23. e4 fxe4 24. Bxe4 Qf6 25. Bc2 e5 26. Rg4 Rf7 27. h4 d4
28. hxg5 hxg5 29. Be4 d3 30. Qe3 Bxe4 31. Rxe4 Re8 32. b3 Rh7 33. bxc4 bxc4 34.
Rxc4 Qh6 35. f3 Qh1+ 36. Kf2 e4 37. Rxe4 Rxe4 38. Qxe4 Qc1 39. Qxd3 Rh1 40.
Qg6+ Kf8 41. Rd8+ Ke7 42. Qd6+ 1-0

[Event "La Pobla de Lillet op"]
[Site "La Pobla de Lillet ESP"]
[Date "2013.08.04"]
[Round "3.6"]
[White "Ribera Baztan, J.."]
[Black "Simon Padros, E.."]
[Result "1-0"]
[WhiteElo "2117"]
[BlackElo "2221"]
[PlyCount "83"]
[EventDate "2013.08.02"]
[EventType "swiss"]
[EventRounds "9"]
[EventCountry "ESP"]
[SourceTitle "Ajedrez en Madrid"]
[Source "lmi"]
[SourceDate "2020.06.24"]
[SourceVersion "1"]
[SourceVersionDate "2020.06.25"]
[SourceQuality "1"]

1. d4 e6 2. Nf3 f5 3. g3 Nf6 4. Bg2 d5 5. O-O Bd6 6. c4 c6 7. Nc3 O-O 8. Qc2
Qe8 9. Rb1 Ne4 10. b4 b5 11. cxb5 cxb5 12. Bf4 Bxf4 13. gxf4 Nxc3 14. Qxc3 Nd7
15. Ne5 Nb6 16. Rfc1 Nc4 17. a4 Nxe5 18. dxe5 bxa4 19. b5 Bd7 20. Qa5 Rb8 21.
Rc5 Rb6 22. e3 Qb8 23. Bf1 a6 24. Qxa4 axb5 25. Qd4 b4 26. Bd3 Rc8 27. f3 Rxc5
28. Qxc5 b3 29. Rb2 h6 30. Qe7 Be8 31. e4 Qc8 32. Rg2 Bf7 33. Qf6 Qf8 34. Kf1
fxe4 35. fxe4 dxe4 36. Bxe4 Rb4 37. Bb1 Rc4 38. Bd3 Rc1+ 39. Ke2 b2 40. Qxh6
Bh5+ 41. Qxh5 b1=Q 42. Qh7+ 1-0

[Event "La Pobla de Lillet op"]
[Site "La Pobla de Lillet ESP"]
[Date "2013.08.04"]
[Round "3.7"]
[White "Cervello Tost, F.."]
[Black "Bautista Sanchez, J.."]
[Result "0-1"]
[WhiteElo "2049"]
[BlackElo "2185"]
[PlyCount "94"]
[EventDate "2013.08.02"]
[EventType "swiss"]
[EventRounds "9"]
[EventCountry "ESP"]
[SourceTitle "Ajedrez en Madrid"]
[Source "lmi"]
[SourceDate "2020.06.24"]
[SourceVersion "1"]
[SourceVersionDate "2020.06.25"]
[SourceQuality "1"]

1. d4 d5 2. g3 Nf6 3. Bg2 g6 4. Nf3 Bg7 5. O-O O-O 6. c4 c6 7. Nc3 Nbd7 8. Ne5
dxc4 9. Nxc4 Nb6 10. Ne5 Be6 11. e4 Qc8 12. Re1 Rd8 13. Be3 Nxe4 14. Nxe4 Bxe5
15. Ng5 Bf6 16. Nxe6 Qxe6 17. Bg5 Qd6 18. Bxf6 Qxf6 19. Qe2 e6 20. Qe5 Qxe5 21.
dxe5 Rd2 22. b3 Rad8 23. Bf3 Nd5 24. Red1 Nc3 25. Rxd2 Rxd2 26. a4 Rb2 27. a5
a6 28. Bd1 Nxd1 29. Rxd1 Rxb3 30. Rd7 Rb5 31. f4 Rxa5 32. Rxb7 Rb5 33. Rc7 c5
34. Kg2 a5 35. Kf3 a4 36. Ra7 Rb3+ 37. Kg4 a3 38. Ra4 h5+ 39. Kg5 Kg7 40. g4
hxg4 41. Kxg4 Kh6 42. h3 Rb4 43. Rxa3 g5 44. Rc3 Rxf4+ 45. Kg3 c4 46. Rc1 Kg6
47. h4 Rxh4 0-1

[Event "La Pobla de Lillet op"]
[Site "La Pobla de Lillet ESP"]
[Date "2013.08.04"]
[Round "3.8"]
[White "Viñals Rioja, J.."]
[Black "Movsziszian, K.."]
[Result "0-1"]
[WhiteElo "2020"]
[BlackElo "2502"]
[PlyCount "148"]
[EventDate "2013.08.02"]
[EventType "swiss"]
[EventRounds "9"]
[EventCountry "ESP"]
[SourceTitle "Ajedrez en Madrid"]
[Source "lmi"]
[SourceDate "2020.06.24"]
[SourceVersion "1"]
[SourceVersionDate "2020.06.25"]
[SourceQuality "1"]

1. e4 g6 2. d4 Bg7 3. Nf3 d6 4. h3 Nf6 5. Bd3 O-O 6. O-O c5 7. c3 Nc6 8. dxc5
dxc5 9. Be3 b6 10. Qe2 Qc7 11. Nbd2 Nh5 12. a4 Nf4 13. Bxf4 Qxf4 14. Nc4 Rd8
15. Rad1 Ba6 16. g3 Qc7 17. Ne3 Rxd3 18. Rxd3 Bxd3 19. Qxd3 Rd8 20. Qe2 Qd7 21.
Kg2 Qb7 22. Rd1 Rxd1 23. Qxd1 a6 24. Qd5 e6 25. Qd6 h6 26. Ng4 h5 27. Ne3 Bh6
28. Qd3 b5 29. axb5 axb5 30. b3 Bg7 31. Qd6 Bf8 32. Qd3 Bg7 33. Qd6 Bxc3 34.
Qxc5 Bb4 35. Qc2 Be7 36. Qc3 Nb4 37. Nd2 Qd7 38. Nc2 Nc6 39. Qe3 Bf6 40. Nf3
Na5 41. Nfd4 Nb7 42. h4 Nc5 43. f3 Nb7 44. Qc3 Bxd4 45. Qxd4 Qc7 46. Qd3 Na5
47. Nd4 b4 48. Nc2 Qc5 49. Ne3 Nc6 50. Nc2 Kf8 51. Ne3 Qd4 52. Qxd4 Nxd4 53.
Kf2 Nxb3 54. Nc4 Ke7 55. Ke3 Kd7 56. Nb2 f6 57. Kd3 Na5 58. Nc4 Nc6 59. f4 Kc7
60. Ne3 f5 61. e5 Na5 62. Nc2 b3 63. Nd4 b2 64. Kc2 Nc4 65. Kb1 Kb6 66. Nxe6
Kc6 67. Nf8 Kc5 68. e6 Kd6 69. Nd7 Kxe6 70. Nc5+ Kd5 71. Nd7 Ke4 72. Kc2 Ne3+
73. Kxb2 Kf3 74. Ne5+ Kxg3 0-1

[Event "La Pobla de Lillet op"]
[Site "La Pobla de Lillet ESP"]
[Date "2013.08.04"]
[Round "3.9"]
[White "Prats Rodriguez, JB.."]
[Black "Maes, W.."]
[Result "0-1"]
[WhiteElo "2031"]
[BlackElo "2264"]
[PlyCount "42"]
[EventDate "2013.08.02"]
[EventType "swiss"]
[EventRounds "9"]
[EventCountry "ESP"]
[SourceTitle "Ajedrez en Madrid"]
[Source "lmi"]
[SourceDate "2020.06.24"]
[SourceVersion "1"]
[SourceVersionDate "2020.06.25"]
[SourceQuality "1"]

1. e4 c5 2. Nc3 a6 3. g3 b5 4. Bg2 Bb7 5. d3 e6 6. f4 d5 7. Qe2 Nc6 8. exd5 Nd4
9. Qd2 exd5 10. Nf3 Nf5 11. O-O Nf6 12. Qe1+ Be7 13. Qe5 Bc8 14. Ng5 O-O 15.
Nxd5 Ra7 16. Nxe7+ Rxe7 17. Qxc5 Rc7 18. Qf2 Ng4 19. Qf3 Rxc2 20. h3 Nd4 21.
Qd1 Ne2+ 0-1

[Event "La Pobla de Lillet op"]
[Site "La Pobla de Lillet ESP"]
[Date "2013.08.04"]
[Round "3.10"]
[White "Alsina Franco, S.."]
[Black "Capellades Subirana, M.."]
[Result "0-1"]
[WhiteElo "1930"]
[BlackElo "2250"]
[PlyCount "82"]
[EventDate "2013.08.02"]
[EventType "swiss"]
[EventRounds "9"]
[EventCountry "ESP"]
[SourceTitle "Ajedrez en Madrid"]
[Source "lmi"]
[SourceDate "2020.06.24"]
[SourceVersion "1"]
[SourceVersionDate "2020.06.25"]
[SourceQuality "1"]

1. e4 e5 2. Bc4 Nf6 3. d3 c6 4. Nf3 Bd6 5. c3 Bc7 6. Nbd2 O-O 7. O-O d5 8. Bb3
Bg4 9. Re1 Nbd7 10. Nf1 Nc5 11. Ng3 dxe4 12. dxe4 Qxd1 13. Bxd1 Nd3 14. Re2
Bxf3 15. gxf3 Nxc1 16. Rxc1 Rfd8 17. Bb3 Rd3 18. Re3 Rd2 19. Rc2 Rd1+ 20. Kg2
Rad8 21. Rce2 R1d7 22. Rc2 h6 23. h4 h5 24. c4 g6 25. Ne2 Ne8 26. c5 Ng7 27.
Bc4 Kh7 28. b4 b6 29. b5 cxb5 30. Bxb5 Rd2 31. Rec3 bxc5 32. Rxc5 Bb6 33. Rxd2
Rxd2 34. Rxe5 f6 35. Re7 Rxa2 36. e5 fxe5 37. Bc4 Rb2 38. Kh3 Bxf2 39. Rxe5 Nf5
40. Nf4 Bg1 41. Be2 Be3 0-1

[Event "La Pobla de Lillet op"]
[Site "La Pobla de Lillet ESP"]
[Date "2013.08.04"]
[Round "3.12"]
[White "Garcia Galeote, L.."]
[Black "Asensio Liñan, T.."]
[Result "0-1"]
[WhiteElo "2158"]
[BlackElo "2009"]
[PlyCount "82"]
[EventDate "2013.08.02"]
[EventType "swiss"]
[EventRounds "9"]
[EventCountry "ESP"]
[SourceTitle "Ajedrez en Madrid"]
[Source "lmi"]
[SourceDate "2020.06.24"]
[SourceVersion "1"]
[SourceVersionDate "2020.06.25"]
[SourceQuality "1"]

1. Nf3 Nf6 2. b3 g6 3. Bb2 Bg7 4. e3 c5 5. c4 O-O 6. Be2 Nc6 7. d4 cxd4 8. Nxd4
Qb6 9. O-O d6 10. Nd2 Bd7 11. N2f3 Rac8 12. Nxc6 Bxc6 13. Nd4 Bd7 14. Rc1 Ne4
15. Qc2 Nc5 16. Qb1 e5 17. Nb5 Bf5 18. Qa1 a5 19. Rfd1 Rcd8 20. Nc3 Be6 21. Rb1
Rd7 22. Nd5 Qd8 23. Bf3 f5 24. Rd2 Qg5 25. Nb6 Ne4 26. Re2 Rdf7 27. g3 h5 28.
Bg2 h4 29. Rf1 Qh5 30. Qd1 hxg3 31. fxg3 Bh6 32. Bf3 Qg5 33. Bxe4 fxe4 34. Rxf7
Rxf7 35. Bc1 Bg4 36. Qe1 Bxe2 37. Qxe2 Rf3 38. Kg2 Qg4 39. Qd2 Rf7 40. Ba3 Qf3+
41. Kh3 Qf5+ 0-1

[Event "La Pobla de Lillet op"]
[Site "La Pobla de Lillet ESP"]
[Date "2013.08.04"]
[Round "3.15"]
[White "Travesset Barba, J.."]
[Black "Gamisans Fabregas, J.."]
[Result "1-0"]
[WhiteElo "2074"]
[BlackElo "1978"]
[PlyCount "53"]
[EventDate "2013.08.02"]
[EventType "swiss"]
[EventRounds "9"]
[EventCountry "ESP"]
[SourceTitle "Ajedrez en Madrid"]
[Source "lmi"]
[SourceDate "2020.06.24"]
[SourceVersion "1"]
[SourceVersionDate "2020.06.25"]
[SourceQuality "1"]

1. d4 e6 2. g3 Nf6 3. Bg2 c5 4. Nf3 Nc6 5. O-O cxd4 6. Nxd4 d5 7. c4 Be7 8. Nc3
O-O 9. cxd5 exd5 10. e3 Be6 11. b3 Bg4 12. f3 Be6 13. Nce2 Bc5 14. Bb2 Qe7 15.
Nf4 Rac8 16. Nd3 Bb6 17. a4 Rfd8 18. Re1 Qd7 19. Rc1 Bh3 20. Nxc6 bxc6 21. Ne5
Qe6 22. Bxh3 Qxh3 23. Nxc6 Re8 24. Bd4 Bc7 25. Qe2 a5 26. Qg2 Qf5 27. Na7 1-0

[Event "La Pobla de Lillet op"]
[Site "La Pobla de Lillet ESP"]
[Date "2013.08.05"]
[Round "4.1"]
[White "Herreros Fernandez, M.."]
[Black "Kovacevic, S.."]
[Result "0-1"]
[WhiteElo "2242"]
[BlackElo "2337"]
[PlyCount "92"]
[EventDate "2013.08.02"]
[EventType "swiss"]
[EventRounds "9"]
[EventCountry "ESP"]
[SourceTitle "Ajedrez en Madrid"]
[Source "lmi"]
[SourceDate "2020.06.24"]
[SourceVersion "1"]
[SourceVersionDate "2020.06.25"]
[SourceQuality "1"]

1. Nf3 c5 2. c4 Nf6 3. g3 b6 4. Bg2 Bb7 5. O-O e6 6. b3 d6 7. Bb2 Nbd7 8. Nc3
Be7 9. e3 a6 10. d4 cxd4 11. Nxd4 Bxg2 12. Kxg2 Qc7 13. Rc1 O-O 14. Kg1 Rac8
15. Qe2 Qb7 16. Rfd1 Rfe8 17. Qf3 Qc7 18. Ne4 Red8 19. Ne2 Nxe4 20. Qxe4 Bf6
21. Bxf6 Nxf6 22. Qf3 h6 23. Rd2 Nd7 24. Rcd1 Ne5 25. Qe4 b5 26. cxb5 axb5 27.
f4 Ng4 28. Qf3 Nf6 29. Nd4 Qb6 30. Qe2 Ne4 31. Rc2 Nc3 32. Rxc3 Rxc3 33. Qxb5
Qxb5 34. Nxb5 Rxe3 35. Kf2 Re4 36. Nxd6 Rb4 37. Ke2 g5 38. Ne4 Rxd1 39. Kxd1
gxf4 40. gxf4 Rb5 41. Kc2 Rh5 42. a4 Rxh2+ 43. Nd2 Kf8 44. a5 Ke7 45. a6 Rg2
46. Kc3 Kd6 0-1

[Event "La Pobla de Lillet op"]
[Site "La Pobla de Lillet ESP"]
[Date "2013.08.05"]
[Round "4.2"]
[White "Bautista Sanchez, J.."]
[Black "Gomez Jurado, LA.."]
[Result "0-1"]
[WhiteElo "2185"]
[BlackElo "2297"]
[PlyCount "70"]
[EventDate "2013.08.02"]
[EventType "swiss"]
[EventRounds "9"]
[EventCountry "ESP"]
[SourceTitle "Ajedrez en Madrid"]
[Source "lmi"]
[SourceDate "2020.06.24"]
[SourceVersion "1"]
[SourceVersionDate "2020.06.25"]
[SourceQuality "1"]

1. Nf3 Nf6 2. c4 e6 3. Nc3 d5 4. e3 c5 5. d4 Nc6 6. Be2 cxd4 7. Nxd4 Bd6 8.
cxd5 exd5 9. Bf3 O-O 10. O-O a6 11. Re1 Re8 12. Nde2 Ne4 13. Ng3 Nxc3 14. bxc3
Be5 15. Bb2 Be6 16. Qd3 Qa5 17. Ne2 Qc7 18. g3 Bf6 19. Nf4 Ne5 20. Qe2 Qc4 21.
Red1 Nxf3+ 22. Qxf3 Red8 23. Rd2 Rac8 24. Rad1 Qxa2 25. Ba1 Qc4 26. Nxd5 Bxd5
27. Rxd5 Rxd5 28. Qxd5 Qxd5 29. Rxd5 Kf8 30. Bb2 Bxc3 31. Ba3+ Ke8 32. Kf1 b5
33. Bc5 b4 34. Bd4 b3 35. Bxc3 Rxc3 0-1

[Event "La Pobla de Lillet op"]
[Site "La Pobla de Lillet ESP"]
[Date "2013.08.05"]
[Round "4.3"]
[White "Ribera Baztan, J.."]
[Black "Tarrago Antoni, M.."]
[Result "1/2-1/2"]
[WhiteElo "2117"]
[BlackElo "2251"]
[PlyCount "84"]
[EventDate "2013.08.02"]
[EventType "swiss"]
[EventRounds "9"]
[EventCountry "ESP"]
[SourceTitle "Ajedrez en Madrid"]
[Source "lmi"]
[SourceDate "2020.06.24"]
[SourceVersion "1"]
[SourceVersionDate "2020.06.25"]
[SourceQuality "1"]

1. d4 Nf6 2. c4 e6 3. g3 d5 4. Nf3 dxc4 5. Bg2 Nc6 6. Qa4 Bb4+ 7. Bd2 Nd5 8.
Qb5 O-O 9. Qxc4 Nb6 10. Qd3 e5 11. dxe5 Qe7 12. O-O Bxd2 13. Nbxd2 Nxe5 14. Qe4
Nxf3+ 15. Bxf3 Qg5 16. Rfd1 c6 17. Qb4 Nd5 18. Qc5 Qf6 19. b4 b6 20. Qc4 Be6
21. Ne4 Qe7 22. Qxc6 Nxb4 23. Qd6 Qxd6 24. Nxd6 Rad8 25. a4 Rd7 26. Nb5 Rfd8
27. Rxd7 Rxd7 28. a5 bxa5 29. Rxa5 Bh3 30. e3 g6 31. Rxa7 Rxa7 32. Nxa7 Bd7 33.
Be2 Kf8 34. Nb5 Bxb5 35. Bxb5 Ke7 36. f4 f5 37. Bc4 Kf6 38. Kf2 h6 39. Kf3 Nc6
40. g4 Ne7 41. Bb5 g5 42. gxf5 Nxf5 1/2-1/2

[Event "La Pobla de Lillet op"]
[Site "La Pobla de Lillet ESP"]
[Date "2013.08.05"]
[Round "4.4"]
[White "Movsziszian, K.."]
[Black "Triadu Cassa, J.."]
[Result "1-0"]
[WhiteElo "2502"]
[BlackElo "2167"]
[PlyCount "63"]
[EventDate "2013.08.02"]
[EventType "swiss"]
[EventRounds "9"]
[EventCountry "ESP"]
[SourceTitle "Ajedrez en Madrid"]
[Source "lmi"]
[SourceDate "2020.06.24"]
[SourceVersion "1"]
[SourceVersionDate "2020.06.25"]
[SourceQuality "1"]

1. g3 e5 2. Bg2 d5 3. d3 Nc6 4. a3 Be6 5. b4 Qd7 6. Nd2 f6 7. Bb2 Nh6 8. Rc1
Nf7 9. c4 Be7 10. cxd5 Bxd5 11. Ngf3 O-O 12. O-O a5 13. b5 Na7 14. a4 c6 15.
Nc4 Nc8 16. bxc6 Bxc6 17. Qd2 Bb4 18. Bc3 e4 19. dxe4 Qxd2 20. Nfxd2 Bxc3 21.
Rxc3 Bxa4 22. Ra1 b5 23. e5 Ra7 24. exf6 gxf6 25. Nb2 Nb6 26. Nxa4 Nxa4 27. Rb3
Nd6 28. Ne4 Nxe4 29. Bxe4 Re8 30. Bc6 Rxe2 31. Bxb5 Nc5 32. Bxe2 1-0

[Event "La Pobla de Lillet op"]
[Site "La Pobla de Lillet ESP"]
[Date "2013.08.05"]
[Round "4.5"]
[White "Mestre Bellido, H.."]
[Black "Asensio Liñan, T.."]
[Result "0-1"]
[WhiteElo "2312"]
[BlackElo "2158"]
[PlyCount "90"]
[EventDate "2013.08.02"]
[EventType "swiss"]
[EventRounds "9"]
[EventCountry "ESP"]
[SourceTitle "Ajedrez en Madrid"]
[Source "lmi"]
[SourceDate "2020.06.24"]
[SourceVersion "1"]
[SourceVersionDate "2020.06.25"]
[SourceQuality "1"]

1. e4 c6 2. d4 d5 3. Nc3 dxe4 4. Nxe4 Nd7 5. Nf3 Ngf6 6. Nxf6+ Nxf6 7. c3 Bg4
8. h3 Bh5 9. g4 Bg6 10. Ne5 e6 11. h4 Nd7 12. Nxd7 Qxd7 13. h5 Be4 14. f3 Bd5
15. c4 Bxf3 16. Qxf3 Qxd4 17. a3 O-O-O 18. Rh2 Bc5 19. Ra2 f5 20. Rd2 Qe5+ 21.
Re2 Qd4 22. Rd2 Qe5+ 23. Kd1 fxg4 24. Qxg4 Be3 25. Rd3 Rhf8 26. Be2 Rxd3+ 27.
Bxd3 Bxc1 28. Kxc1 Qe3+ 29. Kc2 Rf2+ 30. Kc3 Qd2+ 31. Kd4 Rf4+ 32. Qxf4 Qxf4+
33. Kc3 Qc1+ 34. Bc2 Qe1+ 35. Kd3 e5 36. b4 Qh4 37. Kc3 Qd4+ 38. Kb3 e4 39. Rb2
Qe3+ 40. Ka2 Qd4 41. Kb3 Qe3+ 42. Ka2 Qc3 43. c5 Kd8 44. Kb1 Qe1+ 45. Ka2 Ke7
0-1

[Event "La Pobla de Lillet op"]
[Site "La Pobla de Lillet ESP"]
[Date "2013.08.05"]
[Round "4.6"]
[White "Maes, W.."]
[Black "Tejero Royo, F.."]
[Result "1/2-1/2"]
[WhiteElo "2264"]
[BlackElo "2119"]
[PlyCount "79"]
[EventDate "2013.08.02"]
[EventType "swiss"]
[EventRounds "9"]
[EventCountry "ESP"]
[SourceTitle "Ajedrez en Madrid"]
[Source "lmi"]
[SourceDate "2020.06.24"]
[SourceVersion "1"]
[SourceVersionDate "2020.06.25"]
[SourceQuality "1"]

1. e4 e5 2. f4 d5 3. exd5 exf4 4. Nf3 Nf6 5. Bc4 Bd6 6. Qe2+ Qe7 7. Nc3 a6 8.
d4 b5 9. Bb3 Bb7 10. O-O Qxe2 11. Nxe2 Nxd5 12. Bxd5 Bxd5 13. Bxf4 Nc6 14. Bxd6
cxd6 15. c3 f6 16. Nf4 Bf7 17. d5 Ne7 18. Rfd1 Kd7 19. h4 Rhc8 20. Rd2 Rc4 21.
g3 a5 22. a3 Rac8 23. Kf2 R8c5 24. Rad1 b4 25. cxb4 axb4 26. axb4 Rb5 27. Nd4
Rbxb4 28. Nde6 Nf5 29. Ra1 Rb7 30. Ra8 Rcb4 31. Nf8+ Kc7 32. N8e6+ Kd7 33. Nf8+
Kc7 34. Rc2+ Kb6 35. N8e6 Nd4 36. Rd2 Nb3 37. Re2 Nd4 38. Rd2 Nb3 39. Re2 Nd4
40. Rd2 1/2-1/2

[Event "La Pobla de Lillet op"]
[Site "La Pobla de Lillet ESP"]
[Date "2013.08.05"]
[Round "4.7"]
[White "Capellades Subirana, M.."]
[Black "Travesset Barba, J.."]
[Result "1/2-1/2"]
[WhiteElo "2250"]
[BlackElo "2074"]
[PlyCount "63"]
[EventDate "2013.08.02"]
[EventType "swiss"]
[EventRounds "9"]
[EventCountry "ESP"]
[SourceTitle "Ajedrez en Madrid"]
[Source "lmi"]
[SourceDate "2020.06.24"]
[SourceVersion "1"]
[SourceVersionDate "2020.06.25"]
[SourceQuality "1"]

1. e4 d5 2. exd5 Nf6 3. Nc3 Nxd5 4. Bc4 Nb6 5. Bb3 Nc6 6. Nf3 Bf5 7. d3 e6 8.
Bf4 Bd6 9. Qd2 Bxf4 10. Qxf4 a6 11. O-O-O Qd6 12. Qg5 O-O 13. h4 Qe7 14. Qf4
Qd6 15. Qg5 Qe7 16. Qxe7 Nxe7 17. Nd4 Rad8 18. Nce2 c5 19. Nxf5 Nxf5 20. c3 Ne7
21. d4 c4 22. Bc2 Nbd5 23. g3 b5 24. b4 cxb3 25. axb3 Rc8 26. Kb2 Rc6 27. Be4
Rfc8 28. Rc1 Rb6 29. Ra1 f5 30. Bf3 Rd8 31. Rhe1 Kf7 32. Bg2 1/2-1/2

[Event "La Pobla de Lillet op"]
[Site "La Pobla de Lillet ESP"]
[Date "2013.08.05"]
[Round "4.8"]
[White "Simon Padros, E.."]
[Black "Riera Sola, L.."]
[Result "1-0"]
[WhiteElo "2221"]
[BlackElo "1970"]
[PlyCount "35"]
[EventDate "2013.08.02"]
[EventType "swiss"]
[EventRounds "9"]
[EventCountry "ESP"]
[SourceTitle "Ajedrez en Madrid"]
[Source "lmi"]
[SourceDate "2020.06.24"]
[SourceVersion "1"]
[SourceVersionDate "2020.06.25"]
[SourceQuality "1"]

1. e4 d5 2. exd5 Qxd5 3. Nc3 Qa5 4. d4 Nf6 5. Bd2 c6 6. Bd3 Qd8 7. Nge2 Bg4 8.
Be3 e6 9. Qd2 Bb4 10. a3 Bxe2 11. Bxe2 Ne4 12. Qd3 Bxc3+ 13. bxc3 Qa5 14. Rb1
Nd6 15. O-O O-O 16. Bf4 Nb5 17. Rb3 Rd8 18. Qg3 1-0